000 00208nam a2200109Ia 4500
100 _a#N/A
942 _cBK
245 _a120+FREE AND OPEN SOURCE SOFTWARE
260 _b#N/A
546 _aENGLISH
999 _c25391
_d25391